| 000 | 00996nam a2200301 i 4500 | ||
|---|---|---|---|
| 003 | EG-GICUC | ||
| 005 | 20260415195948.0 | ||
| 008 | 260415s1924 Fr |||f |||| 00| 0 eng d | ||
| 040 |
_aEG-GiCUC _beng _cEG-GiCUC _dEG-GiCUC _erda |
||
| 082 | 0 | 4 |
_221 _a343.1062 _bGO . C |
| 092 | 0 | 4 | _221 |
| 099 | _aLaw1 10 343.1062 GO . C 1924 | ||
| 100 | 1 |
_aGoadby, Frederic M. _eAuthor. |
|
| 245 | 1 | 0 |
_aCommentary on Egyptian Criminal Law and the Related Crinainal Law of Palestine, Cyprus, and Iraq. _nPart Ii / _cBy Frederic M.Goadby. |
| 264 | 1 |
_aCairo : _bGovernment Press, _c1924. |
|
| 300 |
_a304 pages ; _c24 cm. |
||
| 336 |
_2rda content _atext |
||
| 337 |
_2rda media _aComputer |
||
| 338 |
_2rda carrier _aOnline Resource |
||
| 500 | _aIndex | ||
| 546 | _aText in English | ||
| 650 | 1 |
_aCriminal Law - The General Part _2qrmak |
|
| 650 | 1 |
_aCriminal Law _2qrmak |
|
| 651 | 1 | _2qrmak | |
| 856 | 4 | 0 | _uhttps://fll.law.cu.edu.eg/fulltext/bks/B10-09587.pdf |
| 905 | _a54 | ||
| 942 |
_2ddc _cBK _e21 _n0 |
||
| 999 |
_c71277 _d71277 |
||